header

Civic education and competences for engaging citizens in democracies (Record no. 12003)

MARC details
000 -LEADER
fixed length control field 01310nam a2200325Ia 4500
245 00 - TITLE STATEMENT
Title Civic education and competences for engaging citizens in democracies
260 ## - PUBLICATION, DISTRIBUTION, ETC. (IMPRINT)
Place of publication Rotterdam ;
-- Boston :
Name of publisher SensePublishers,
Year of publication c2013.
300 ## - PHYSICAL DESCRIPTION
Number of Pages xi, 166 p.
490 1# - SERIES STATEMENT
Series statement Civic and political education ;
650 #0 - SUBJECT ADDED ENTRY--TOPICAL TERM
Topical Term Citizenship
Topical Term Civics
700 1# - ADDED ENTRY--PERSONAL NAME
Personal name Print, Murray.
Personal name Lange, Dirk.
856 40 - ELECTRONIC LOCATION AND ACCESS
Uniform Resource Identifier http://site.ebrary.com/lib/rucke/Doc?id=10687685

No items available.

© 2026 Rongo University
Contact us: librarian | system librarian | Rongo university